[Event "Oceania & NZL-ch Seniors"]
[Site "Auckland"]
[Date "2019.07.12"]
[Round "1"]
[White "Garbett, Paul Anthony"]
[Black "Eade, Don"]
[Result "1-0"]
[WhiteElo "2190"]
[BlackElo "1747"]
[PlyCount "43"]
[EventDate "2019.07.12"]
[EventType "swiss"]
[EventRounds "6"]
[EventCountry "NZL"]
[SourceTitle "EXT 2023"]
[Source "ChessBase"]
[SourceDate "2022.10.05"]
[SourceVersion "1"]
[SourceVersionDate "2022.10.05"]
[SourceQuality "1"]

1. e4 e6 2. d4 d5 3. Nd2 c5 4. exd5 exd5 5. Ngf3 Nc6 6. Bb5 Bd6 7. dxc5 Bxc5 8. Nb3 Bxf2+ 9. Kxf2 Qb6+ 10. Nbd4 Bg4 11. Re1+ Nge7 12. Bxc6+ bxc6 13. Kf1 c5 14. Nb3 Qd6 15. Qe2 f6 16. Bf4 Qd8 17. Nxc5 Rc8 18. Nb7 Qd7 19. Nd6+ Kd8 20. Nxc8 Nxc8 21. h3 Bh5 22. Kg1 1-0

[Event "NZL-ch Major op"]
[Site "Auckland"]
[Date "2019.01.16"]
[Round "3"]
[White "Wang, Aaron Ziwen"]
[Black "Eade, Don"]
[Result "1/2-1/2"]
[WhiteElo "1502"]
[BlackElo "1806"]
[PlyCount "103"]
[EventDate "2019.01.14"]
[EventType "swiss"]
[EventRounds "9"]
[EventCountry "NZL"]
[SourceTitle "CBM 189 Extra"]
[Source "ChessBase"]
[SourceDate "2019.05.31"]
[SourceVersion "1"]
[SourceVersionDate "2019.05.31"]
[SourceQuality "1"]

1. c4 c5 2. Nc3 Nf6 3. g3 g6 4. Bg2 Bg7 5. Nf3 0-0 6. d4 cxd4 7. Nxd4 Nc6 8. 0-0 Qb6 9. Nb3 d6 10. Be3 Qc7 11. Nb5 Qb8 12. N3d4 a6 13. Nxc6 bxc6 14. Nd4 Bb7 15. Nxc6 Qc7 16. Nd4 Bxg2 17. Kxg2 Qb7+ 18. Nf3 Qxb2 19. Qd3 Qb7 20. Rab1 Qc7 21. Rfc1 Nd7 22. Qe4 e6 23. Rb7 Nc5 24. Rxc7 Nxe4 25. Ng5 Nc3 26. Rc2 h6 27. Nf3 Rfc8 28. Rxc8+ Rxc8 29. Bxh6 Rxc4 30. Bxg7 Kxg7 31. Nd2 Rc5 32. Nb3 Rc7 33. Nd2 d5 34. e3 Kf6 35. a4 e5 36. f4 d4 37. fxe5+ Kxe5 38. Nf3+ Kd6 39. Nxd4 Nxa4 40. Rxc7 Kxc7 41. Nb3 Nb2 42. h4 Nc4 43. Kf3 a5 44. g4 a4 45. Nc1 Kd7 46. Kf4 Ke7 47. h5 g5+ 48. Kxg5 Nxe3 49. h6 Kf8 50. Kf4 Nd5+ 51. Ke5 Nc3 52. g5 1/2-1/2

[Event "Asia-ch Seniors 50 8th"]
[Site "Auckland"]
[Date "2017.10.15"]
[Round "9"]
[White "Wong, Ngiam Yee"]
[Black "Eade, Don"]
[Result "1-0"]
[WhiteElo "1957"]
[BlackElo "1794"]
[PlyCount "74"]
[EventDate "2017.10.09"]
[EventType "swiss"]
[EventRounds "9"]
[EventCountry "NZL"]
[SourceTitle "CBM 181 Extra"]
[Source "ChessBase"]
[SourceDate "2017.12.12"]
[SourceVersion "1"]
[SourceVersionDate "2017.12.12"]
[SourceQuality "1"]

1. d4 Nf6 2. g3 d5 3. Bg2 Bf5 4. c4 e6 5. Qb3 b6 6. Nc3 c6 7. Nf3 Nbd7 8. Bf4 Be7 9. 0-0 0-0 10. Nh4 Bg6 11. Nxg6 hxg6 12. Qa4 Qc8 13. e4 dxc4 14. Qxc4 b5 15. Qe2 Nb6 16. Rac1 b4 17. Nb1 Qd7 18. Be3 Rac8 19. Nd2 Qb7 20. Nb3 Nfd7 21. Rc2 e5 22. dxe5 c5 23. f4 c4 24. Nd4 Nc5 25. e6 fxe6 26. e5 Qd7 27. Qg4 Kh7 28. Rd1 Bd8 29. Nb3 cxb3 30. Rxd7 bxc2 31. Rxa7 Nd3 32. Qh3+ Kg8 33. Qxe6+ Kh7 34. Be4 c1Q+ 35. Bxc1 Rxc1+ 36. Kg2 Rc2+ 37. Kf3 Rf2+ 1-0

[Event "Asia-ch Seniors 50 8th"]
[Site "Auckland"]
[Date "2017.10.13"]
[Round "7"]
[White "Lodhi, Mahmood"]
[Black "Eade, Don"]
[Result "1-0"]
[WhiteElo "2344"]
[BlackElo "1794"]
[PlyCount "63"]
[EventDate "2017.10.09"]
[EventType "swiss"]
[EventRounds "9"]
[EventCountry "NZL"]
[SourceTitle "CBM 181 Extra"]
[Source "ChessBase"]
[SourceDate "2017.12.12"]
[SourceVersion "1"]
[SourceVersionDate "2017.12.12"]
[SourceQuality "1"]

1. d4 Nf6 2. Nf3 g6 3. g3 Bg7 4. Bg2 0-0 5. 0-0 d6 6. c4 Nbd7 7. Nc3 e5 8. e4 Re8 9. d5 a5 10. Ne1 Nc5 11. Be3 Rf8 12. Nd3 b6 13. f3 Bd7 14. b3 Nh5 15. Nxc5 bxc5 16. Bd2 Qc8 17. Nb5 f5 18. exf5 gxf5 19. f4 Nf6 20. fxe5 dxe5 21. Be3 c6 22. dxc6 Bxc6 23. Nd6 Qc7 24. Bxc6 Qxc6 25. Nxf5 Rf7 26. Nxg7 Rxg7 27. Qf3 Ne4 28. Rae1 Rc8 29. Bc1 Ng5 30. Qxc6 Rxc6 31. Rxe5 h6 32. Be3 1-0

[Event "Auckland ANZAC op"]
[Site "Auckland"]
[Date "2017.04.22"]
[Round "1"]
[White "Barry, Jacob"]
[Black "Eade, Don"]
[Result "0-1"]
[WhiteElo "1227"]
[BlackElo "1844"]
[PlyCount "48"]
[EventDate "2017.04.22"]
[EventType "swiss"]
[EventRounds "6"]
[EventCountry "NZL"]
[SourceTitle "CBM 178 Extra"]
[Source "ChessBase"]
[SourceDate "2017.06.22"]
[SourceVersion "1"]
[SourceVersionDate "2017.06.22"]
[SourceQuality "1"]

1. e4 e5 2. Nf3 Nc6 3. Bb5 a6 4. Ba4 Nf6 5. Qe2 b5 6. Bb3 Bc5 7. h3 0-0 8. c3 Bb7 9. 0-0 h6 10. Rd1 Re8 11. Bc2 d5 12. d4 Bb6 13. dxe5 Nxe5 14. exd5 Neg4 15. Be3 Nxe3 16. fxe3 Rxe3 17. Qd2 Re2+ 18. Nd4 Rxd2 19. Rxd2 Nxd5 20. Kh1 Nf4 21. Nf3 Qe7 22. a4 Bxf3 23. gxf3 Qe1+ 24. Kh2 Qg1# 0-1

[Event "Auckland Summer Cup-C2"]
[Site "Auckland"]
[Date "2017.03.06"]
[Round "4"]
[White "Eade, Don"]
[Black "Qin, Joy Shu Yan"]
[Result "1-0"]
[WhiteElo "1831"]
[BlackElo "1708"]
[PlyCount "55"]
[EventDate "2017.02.13"]
[EventType "tourn"]
[EventRounds "7"]
[EventCountry "NZL"]
[SourceTitle "EXT 2018"]
[Source "ChessBase"]
[SourceDate "2017.10.13"]
[SourceVersion "1"]
[SourceVersionDate "2017.10.13"]
[SourceQuality "1"]

1. e4 e6 2. d4 d5 3. Nd2 c5 4. Ngf3 cxd4 5. Nxd4 Nc6 6. Nxc6 bxc6 7. Bd3 Nf6 8. e5 Nd7 9. Nf3 Be7 10. 0-0 0-0 11. Bf4 f6 12. Bg3 Nc5 13. Re1 Qb6 14. b3 Ba6 15. Bxa6 Qxa6 16. Nd2 Qb6 17. Rb1 fxe5 18. b4 Na4 19. Rb3 a5 20. Qg4 Rf6 21. Rxe5 Rg6 22. Qe2 axb4 23. Rxe6 Bf8 24. Rxg6 hxg6 25. Qe6+ Kh7 26. Bc7 Qxf2+ 27. Kxf2 Bc5+ 28. Ke2 1-0

[Event "Oceania zt 3.6"]
[Site "Auckland"]
[Date "2017.01.20"]
[Round "9"]
[White "Huang, Alex"]
[Black "Eade, Don"]
[Result "1/2-1/2"]
[WhiteElo "1993"]
[BlackElo "1831"]
[PlyCount "48"]
[EventDate "2017.01.14"]
[EventType "swiss"]
[EventRounds "9"]
[EventCountry "NZL"]
[SourceTitle "EXT 2018"]
[Source "ChessBase"]
[SourceDate "2017.10.13"]
[SourceVersion "1"]
[SourceVersionDate "2017.10.13"]
[SourceQuality "1"]

1. d4 Nf6 2. c4 g6 3. Nc3 Bg7 4. e4 0-0 5. f3 d6 6. Be3 e5 7. Nge2 Nc6 8. d5 Ne7 9. Qd2 Nd7 10. 0-0-0 f5 11. Bh6 Nf6 12. h4 f4 13. Bxg7 Kxg7 14. g3 Nh5 15. gxf4 exf4 16. Bh3 Kg8 17. Bg4 Bxg4 18. fxg4 Ng3 19. Nxg3 fxg3 20. Qe3 Rf2 21. Qxg3 Qf8 22. Rhe1 Rf3 23. Qh2 Rf2 24. Qg3 Rf3 1/2-1/2

[Event "Oceania zt 3.6"]
[Site "Auckland"]
[Date "2017.01.19"]
[Round "8"]
[White "Eade, Don"]
[Black "Nicholls, Leighton"]
[Result "1/2-1/2"]
[WhiteElo "1831"]
[BlackElo "1929"]
[PlyCount "98"]
[EventDate "2017.01.14"]
[EventType "swiss"]
[EventRounds "9"]
[EventCountry "NZL"]
[SourceTitle "EXT 2018"]
[Source "ChessBase"]
[SourceDate "2017.10.13"]
[SourceVersion "1"]
[SourceVersionDate "2017.10.13"]
[SourceQuality "1"]

1. e4 e5 2. Nf3 Nc6 3. Bb5 a6 4. Ba4 Nf6 5. 0-0 Be7 6. Re1 b5 7. Bb3 d6 8. c3 0-0 9. h3 Na5 10. Bc2 c5 11. d4 Qc7 12. Nbd2 cxd4 13. cxd4 Bd7 14. Nb3 Rfc8 15. Bd3 Nc4 16. Nbd2 exd4 17. Nxd4 Ne5 18. Bb1 d5 19. exd5 Nxd5 20. Qh5 Nf6 21. Bxh7+ Nxh7 22. Qxe5 Bf6 23. Qxc7 Rxc7 24. N2f3 Nf8 25. Bf4 Rc4 26. Be5 Bd8 27. b3 Rc5 28. Rac1 Rac8 29. Rxc5 Rxc5 30. Bd6 Rd5 31. Bf4 Bb6 32. Re5 Rxd4 33. Nxd4 Bxd4 34. Rd5 Bc3 35. Bd2 Be6 36. Rd8 Bxd2 37. Rxd2 a5 38. Rd4 Nd7 39. Rd6 a4 40. bxa4 bxa4 41. a3 Kf8 42. Rd4 Nc5 43. Kf1 Bb3 44. Ke2 Ke7 45. h4 Kf6 46. Ke3 Nb7 47. g4 Na5 48. Kd3 Nb7 49. Rf4+ Ke5 1/2-1/2

[Event "Oceania zt 3.6"]
[Site "Auckland"]
[Date "2017.01.18"]
[Round "7"]
[White "Louie, Jared"]
[Black "Eade, Don"]
[Result "0-1"]
[WhiteElo "1895"]
[BlackElo "1831"]
[PlyCount "94"]
[EventDate "2017.01.14"]
[EventType "swiss"]
[EventRounds "9"]
[EventCountry "NZL"]
[SourceTitle "EXT 2018"]
[Source "ChessBase"]
[SourceDate "2017.10.13"]
[SourceVersion "1"]
[SourceVersionDate "2017.10.13"]
[SourceQuality "1"]

1. d4 Nf6 2. c4 g6 3. Nc3 Bg7 4. e4 d6 5. Nf3 0-0 6. Be2 e5 7. 0-0 Nc6 8. d5 Ne7 9. Ne1 Nd7 10. Nd3 f5 11. f3 Nf6 12. c5 f4 13. Bd2 g5 14. g4 h5 15. h3 Ng6 16. Rf2 Bd7 17. Rc1 Kf7 18. cxd6 cxd6 19. Qb3 b6 20. Qa3 Rh8 21. Qxd6 Bf8 22. Nxe5+ Kg7 23. Nc6 Qc8 24. Nxa7 Qb7 25. Nab5 Bxd6 26. Nxd6 Qb8 27. Ndb5 hxg4 28. hxg4 Rh3 29. Bf1 Rg3+ 30. Bg2 Qh8 31. Rc2 Nh4 32. Nd4 Nxg2 33. Rxg2 Rxg2+ 34. Kxg2 Qh4 35. Kf1 Rh8 36. Ke2 Qh1 37. Kd3 Qf1+ 38. Nce2 Bb5+ 39. Rc4 Nd7 40. Kc3 Bxc4 41. Kxc4 Ne5+ 42. Kb4 Rc8 43. b3 Nxf3 44. Bc3 Kf7 45. a4 Ne5 46. Nb5 Nd3+ 47. Ka3 Rxc3 0-1

[Event "Auckland CC-ch"]
[Site "Auckland"]
[Date "2016.08.01"]
[Round "6"]
[White "Eade, Don"]
[Black "Zhang, Jasmine Haomo"]
[Result "0-1"]
[WhiteElo "1837"]
[BlackElo "1790"]
[PlyCount "64"]
[EventDate "2016.06.27"]
[EventType "tourn"]
[EventRounds "9"]
[EventCountry "NZL"]
[SourceTitle "EXT 2018"]
[Source "ChessBase"]
[SourceDate "2017.10.13"]
[SourceVersion "1"]
[SourceVersionDate "2017.10.13"]
[SourceQuality "1"]

1. e4 c5 2. Nc3 Nc6 3. g3 g6 4. Bg2 Bg7 5. d3 e6 6. f4 d6 7. Nf3 Nge7 8. 0-0 0-0 9. Be3 a6 10. Qe1 f5 11. Qf2 Bd7 12. Rae1 Qc7 13. h3 e5 14. Nd5 Nxd5 15. exd5 Nd4 16. fxe5 Nxf3+ 17. Bxf3 Bxe5 18. Bh6 Rf7 19. c3 Bb5 20. d4 cxd4 21. cxd4 Bg7 22. Bxg7 Bxf1 23. Bh6 Bb5 24. Qe3 Qd7 25. Qg5 Re8 26. Rc1 Be2 27. Bg2 f4 28. g4 f3 29. Bf1 Qb5 30. a4 Qd3 31. Rc3 Qxd4+ 32. Kh1 Qf2 0-1

[Event "George Trundle Reserves"]
[Site "Auckland"]
[Date "2016.07.14"]
[Round "6"]
[White "Eade, Don"]
[Black "Punsalan, Vyanla M"]
[Result "1-0"]
[WhiteElo "1837"]
[BlackElo "1649"]
[PlyCount "123"]
[EventDate "2016.07.09"]
[EventType "tourn"]
[EventRounds "9"]
[EventCountry "NZL"]
[SourceTitle "EXT 2018"]
[Source "ChessBase"]
[SourceDate "2017.10.13"]
[SourceVersion "1"]
[SourceVersionDate "2017.10.13"]
[SourceQuality "1"]

1. c4 c5 2. Nc3 Nf6 3. g3 g6 4. Bg2 Nc6 5. Nf3 Bg7 6. 0-0 0-0 7. b3 b6 8. Bb2 Bb7 9. d4 cxd4 10. Nxd4 Rc8 11. e3 d6 12. Qd2 Qd7 13. Rad1 Rfd8 14. f4 Nxd4 15. Qxd4 Bxg2 16. Kxg2 Qc6+ 17. Kg1 d5 18. Nxd5 Kf8 19. Qc3 b5 20. Qb4 Nxd5 21. cxd5 Rxd5 22. Rc1 Rc5 23. Ba3 Rxc1 24. Rxc1 Bc3 25. Qxe7+ Kg8 26. Bb4 Qd5 27. Rxc3 Qd1+ 28. Kg2 Qe2+ 29. Kh3 Ra8 30. Rc7 Qh5+ 31. Qh4 Qf3 32. Qg4 Qf1+ 33. Kh4 f5 34. Qg5 Qf3 35. Bc3 Qg4+ 36. Qxg4 fxg4 37. Rg7+ Kf8 38. Rxh7 Re8 39. Rh8+ Kf7 40. Rxe8 Kxe8 41. Kg5 Kf7 42. Kxg4 Kg8 43. Kg5 a5 44. Kxg6 b4 45. Bd4 a4 46. h4 axb3 47. axb3 Kf8 48. h5 Ke7 49. h6 Ke6 50. e4 Kd7 51. h7 Kc6 52. h8Q Kb7 53. Qd8 Kc6 54. Qd5+ Kc7 55. Qe6 Kb7 56. Qd7+ Kb8 57. Be5+ Ka8 58. Qc8+ Ka7 59. Qb8+ Ka6 60. Bd4 Ka5 61. Qa7+ Kb5 62. Qb6# 1-0

[Event "George Trundle Reserves"]
[Site "Auckland"]
[Date "2016.07.09"]
[Round "1"]
[White "Eade, Don"]
[Black "Yan, Caroline"]
[Result "1-0"]
[WhiteElo "1837"]
[BlackElo "1743"]
[PlyCount "68"]
[EventDate "2016.07.09"]
[EventType "tourn"]
[EventRounds "9"]
[EventCountry "NZL"]
[SourceTitle "EXT 2018"]
[Source "ChessBase"]
[SourceDate "2017.10.13"]
[SourceVersion "1"]
[SourceVersionDate "2017.10.13"]
[SourceQuality "1"]

1. e4 e6 2. d4 d5 3. Nd2 Nf6 4. Bd3 c5 5. Ngf3 Nc6 6. c3 a6 7. 0-0 cxd4 8. cxd4 Be7 9. e5 Nd7 10. Re1 b5 11. Bxh7 Nxd4 12. Nxd4 Rxh7 13. Nc6 Qb6 14. Nxe7 Kxe7 15. Nf3 Bb7 16. Nd4 Rc8 17. Be3 Qc7 18. Rc1 Qb8 19. Qd3 Rh5 20. f4 Rhh8 21. Bd2 Rc4 22. b3 Nc5 23. Qg3 Rxd4 24. Qxg7 Nd7 25. Bc3 Qa7 26. Qxh8 Rxf4+ 27. Kh1 Qf2 28. a3 d4 29. Bb4+ Nc5 30. Bxc5+ Kd7 31. Qg7 Qh4 32. Bd6 Bc6 33. Rf1 d3 34. Qg3 Ke8 1-0

[Event "NZL-ch Major op"]
[Site "Devonport"]
[Date "2016.01.10"]
[Round "9"]
[White "Cooper, Nigel"]
[Black "Eade, Don"]
[Result "0-1"]
[WhiteElo "1692"]
[BlackElo "1874"]
[PlyCount "100"]
[EventDate "2016.01.02"]
[EventType "swiss"]
[EventRounds "9"]
[EventCountry "NZL"]
[SourceTitle "EXT 2018"]
[Source "ChessBase"]
[SourceDate "2017.10.13"]
[SourceVersion "1"]
[SourceVersionDate "2017.10.13"]
[SourceQuality "1"]

1. d4 Nf6 2. Bg5 Ne4 3. Bf4 g6 4. f3 Nf6 5. e4 d6 6. Qd2 Bg7 7. Bh6 0-0 8. Bxg7 Kxg7 9. Nc3 c6 10. 0-0-0 b5 11. g4 Qa5 12. b3 Bd7 13. Kb2 c5 14. Be2 cxd4 15. Qxd4 Nc6 16. Qe3 Rab8 17. h4 h5 18. gxh5 Nxh5 19. f4 Rh8 20. Bxh5 Rxh5 21. Rd5 Rbh8 22. Nf3 Be6 23. Rxh5 Rxh5 24. Nd4 Nxd4 25. Qxd4+ f6 26. Qf2 b4 27. Nb1 Qc7 28. Rg1 f5 29. Qg3 Bf7 30. Nd2 Qc5 31. Qe1 Qd4+ 32. Kb1 fxe4 33. Nxe4 Rxh4 34. Ng3 Qf6 35. Nf5+ Qxf5 36. Qxh4 Qe4 37. Re1 Qd4 38. Qxe7 Qxf4 39. Qxa7 g5 40. a4 bxa3 41. Qxa3 Bg6 42. Qa7+ Kh6 43. Rh1+ Bh5 44. Qg1 Kg6 45. Rh2 Bf3 46. Rf2 g4 47. Qf1 Kf5 48. Ka2 Qe3 49. Kb1 Kf4 50. Re2 Qxe2 0-1

[Event "NZL-ch Major op"]
[Site "Devonport"]
[Date "2016.01.06"]
[Round "5"]
[White "Jacobs, Hilton"]
[Black "Eade, Don"]
[Result "0-1"]
[WhiteElo "1704"]
[BlackElo "1874"]
[PlyCount "50"]
[EventDate "2016.01.02"]
[EventType "swiss"]
[EventRounds "9"]
[EventCountry "NZL"]
[SourceTitle "EXT 2018"]
[Source "ChessBase"]
[SourceDate "2017.10.13"]
[SourceVersion "1"]
[SourceVersionDate "2017.10.13"]
[SourceQuality "1"]

1. d4 Nf6 2. c4 g6 3. Nc3 Bg7 4. e4 d6 5. Nf3 0-0 6. Be2 e5 7. d5 a5 8. Bg5 Na6 9. a3 Bd7 10. 0-0 Qe8 11. Nd2 a4 12. Kh1 Nc5 13. Be3 Qe7 14. Bg5 h6 15. Be3 Ne8 16. Qc2 f5 17. Bxc5 dxc5 18. exf5 gxf5 19. f3 Nf6 20. Bd3 Nh5 21. Rfe1 Qh4 22. Nb5 c6 23. Nd6 e4 24. fxe4 Ng3+ 25. Kg1 Bd4+ 0-1

[Event "NZL-ch op 122nd"]
[Site "Auckland"]
[Date "2015.01.07"]
[Round "7"]
[White "Eade, Don"]
[Black "Lauterbach, Ingrid"]
[Result "0-1"]
[WhiteElo "1977"]
[BlackElo "2089"]
[PlyCount "90"]
[EventDate "2015.01.01"]
[EventType "swiss"]
[EventRounds "9"]
[EventCountry "NZL"]
[SourceTitle "CBM 164 Extra"]
[Source "ChessBase"]
[SourceDate "2015.03.02"]
[SourceVersion "1"]
[SourceVersionDate "2015.03.02"]
[SourceQuality "1"]

1. e4 c5 2. Nc3 Nc6 3. Bc4 g6 4. f4 Bg7 5. Nf3 d6 6. 0-0 e6 7. d3 Nge7 8. Be3 d5 9. Bb5 d4 10. Bxd4 cxd4 11. Ne2 0-0 12. Qd2 a6 13. Bc4 b5 14. Bb3 Na5 15. e5 Nf5 16. c3 dxc3 17. bxc3 Nxb3 18. axb3 Bb7 19. d4 Rc8 20. Rac1 Nh4 21. Nxh4 Qxh4 22. c4 f6 23. Qe3 fxe5 24. dxe5 bxc4 25. bxc4 Qe7 26. Qb6 Rc6 27. Qb3 Qc5+ 28. Kh1 Rb6 29. Qc3 Rd8 30. h3 Bf8 31. Ng3 Qc6 32. Rc2 Bb4 33. Qe3 Bc5 34. Qe1 Rb3 35. Kh2 Qa4 36. Re2 Qxc4 37. Nh5 gxh5 38. Qh4 Rd7 39. Qg5+ Kf8 40. f5 Qxe2 41. Qf6+ Ke8 42. Qxe6+ Kd8 43. Qg8+ Kc7 44. Rc1 Qxe5+ 45. Kh1 Rxh3# 0-1